Công tác xã hội với người cao tuổi

Nội dung gồm: tổng quan về người cao tuổi và công tác xã hội; tuổi già và sự thay đổi về thể chất khi cao tuổi; sự điều chỉnh tâm lý khi cao tuổi...

Wedi'i Gadw mewn:
Manylion Llyfryddiaeth
Prif Awdur: Huỳnh, Minh Hiền
Fformat: Llyfr
Iaith:Undetermined
Cyhoeddwyd: Thành phố Hồ Chí Minh Trường Đại học Mở Thành phố Hồ Chí Minh 2019
Pynciau:
Tagiau: Ychwanegu Tag
Dim Tagiau, Byddwch y cyntaf i dagio'r cofnod hwn!
Thư viện lưu trữ: Trung tâm Học liệu Trường Đại học Cần Thơ
LEADER 01005nam a2200229Ia 4500
001 CTU_237462
008 210402s9999 xx 000 0 und d
082 |a 361.3 
082 |b H305 
100 |a Huỳnh, Minh Hiền 
245 0 |a Công tác xã hội với người cao tuổi 
245 0 |c Huỳnh Minh Hiền 
260 |a Thành phố Hồ Chí Minh 
260 |b Trường Đại học Mở Thành phố Hồ Chí Minh 
260 |c 2019 
520 |a Nội dung gồm: tổng quan về người cao tuổi và công tác xã hội; tuổi già và sự thay đổi về thể chất khi cao tuổi; sự điều chỉnh tâm lý khi cao tuổi... 
526 |a Công tác xã hội,Thực hành công tác xã hội 
526 |b XN113,XN225 
650 |a Social service,Dịch vụ xã hội 
904 |i Năm 
910 |a Tuyến 
980 |a Trung tâm Học liệu Trường Đại học Cần Thơ